| 000 | 00464nam a22001697a 4500 | ||
|---|---|---|---|
| 003 | SGT | ||
| 020 | _a9789393480194 | ||
| 082 |
_a614.1 _bI26T |
||
| 100 | _aTHAKUR, NIKITA | ||
| 245 | _aINTRODUCTION TO FORENSIC NURSING & INDIAN LAWS | ||
| 250 | _a1ST | ||
| 260 |
_aINDIA _bBIRLA PUB _c2026 |
||
| 300 | _a224 | ||
| 650 | _aFORENSIC MEDICINE | ||
| 653 |
_aINTRODUCTION TO FORENSIC NURSING & INDIAN LAWS _aSGT UNIVERSITY FACULTY PUBLICATION |
||
| 942 |
_2ddc _cBK |
||
| 999 |
_c33121 _d33121 |
||